00787cam a22002413a 45000010005000000030006000050050017000110080041000280400015000690420007000840500007000911000022000982450166001202600029002865060030003155160020003456530018003656530030003836530022004136530041004358300028004768560041005046713PGUSA20140828083136.0041001s2004||||xxu|||||s|||||000 | eng d aPGUSAbeng adc 4aBV1 aLowe, Clara M. S.10aGod's Answers :bA Record of Miss Annie Macpherson's Work at the Home of Industry, Spitalfields, London, and in Canadah[electronic resource] /cClara M. S. Lowe bProject Gutenberg,c2004 aPublic domain in the USA. aElectronic text aHome missions aChurch work with children aMacpherson, Annie aCanada -- Emigration and immigration 0aProject Gutenbergv671340uhttp://www.gutenberg.org/ebooks/6713